[Event "1st Turkish League 2017"]
[Site "Konya"]
[Date "2017.07.20"]
[Round "2"]
[White "Salepci, Osman Firat"]
[Black "Rzayev, Askar Aliakbar"]
[Result "0-1"]
[WhiteElo "2093"]
[BlackElo "2080"]
[Annotator "NA"]
[PlyCount "64"]
[EventType "team-tourn"]
[EventCountry "TUR"]
[SourceTitle "playchess.com"]
[Source "ChessBase"]
[SourceQuality "1"]
[TimeControl "5400+30"]

1. d4 {[%emt 0:00:30]} Nf6 {[%emt 0:01:00]} 2. Nf3 {[%emt 0:00:00]} e6 {[%emt 0:00:30]} 3. e3 {[%emt 0:00:00]} b6 {[%emt 0:00:30]} 4. Bd3 {[%emt 0:00:30]} Bb7 {[%emt 0:00:30]} 5. O-O {[%emt 0:00:30]} c5 {[%emt 0:00:30]} 6. b3 {[%emt 0:05:30]} cxd4 {[%emt 0:00:30]} 7. exd4 {[%emt 0:00:30]} Be7 {[%emt 0:00:30]} 8. Bb2 {[%emt 0:02:30]} O-O {[%emt 0:00:00]} 9. Nbd2 {[%emt 0:03:30]} d6 {[%emt 0:00:00]} 10. Re1 {[%emt 0:12:30]} Nbd7 {[%emt 0:01:30]} 11. c4 {[%emt 0:02:30]} Re8 {[%emt 0:03:30] E14: Queen's Indian: Classical Variation (4 e3)} 12. Rc1 {[%emt 0:03:30] LiveBook: 23 Games} (12. Ne4 Nxe4 13. Bxe4 Bxe4 14. Rxe4 d5 15. cxd5 Nf6 16. Re2 Nxd5 17. g3 Rc8 18. Rc1 Qd7 19. Ne5 {½-½ (55) Koneru,H (2581)-Zhao,X (2514) Beijing 2014}) 12... a5 $146 {[%emt 0:05:30]} ({Predecessor:} 12... Rc8 13. Qe2 Bf8 14. Bb1 g6 15. b4 Qc7 16. a3 Qb8 17. h3 Bh6 18. Rcd1 Qa8 19. Ba2 {½-½ (46) Mihajlov,S (2346)-Hambleton,A (2441) Stockholm 2017}) 13. a3 {[%emt 0:04:30]} d5 {[%emt 0:00:30]} 14. Bb1 {[%emt 0:05:30]} Bd6 {[%emt 0:04:30]} 15. Ne5 {[%emt 0:11:30]} Qe7 {[%emt 0:02:30]} 16. a4 {[%emt 0:17:30]} Bb4 {[%emt 0:03:30]} 17. Re3 {[%emt 0:04:30]} Rac8 {[%emt 0:01:30]} 18. Rh3 {[%emt 0:02:30]} g6 {[%emt 0:02:30]} 19. Nxd7 {[%emt 0:01:40]} Nxd7 {[%emt 0:07:30]} 20. Nf3 {[%emt 0:03:19]} Red8 {[%emt 0:06:30]} 21. Qe2 {[%emt 0:02:08]} Qf6 {[%emt 0:07:30]} 22. Qe3 {[%emt 0:02:08]} Bf8 {[%emt 0:08:30]} 23. Ng5 {[%emt 0:04:50]} h6 $16 {[%emt 0:04:30]} 24. Nxf7 {[%emt 0:08:04]} Qxf7 {[%emt 0:00:30]} 25. Bxg6 {[%emt 0:00:02]} Qe7 {[%emt 0:06:30]} 26. Re1 {[%emt 0:01:12]} Bg7 {[%emt 0:00:30]} 27. Bf5 {[%emt 0:01:44]} Nf8 {[%emt 0:00:30]} 28. Rg3 {[%emt 0:00:18]} Qf6 {[%emt 0:00:30]} 29. Bh3 {[%emt 0:00:33]} dxc4 {[%emt 0:00:30]} 30. bxc4 {[%emt 0:00:19]} Rxc4 {[%emt 0:00:30]} 31. d5 {[%emt 0:00:40]} Qxb2 {[%emt 0:01:30]} 32. dxe6 {[%emt 0:00:06]} Re4 {[%emt 0:00:30]} 0-1

[Event "1st Turkish League 2017"]
[Site "Konya"]
[Date "2017.07.18"]
[Round "2"]
[White "Yuksel, Atilla Koksal"]
[Black "Koksal, Ege"]
[Result "1/2-1/2"]
[WhiteElo "2091"]
[BlackElo "2390"]
[Annotator "TA"]
[PlyCount "72"]
[EventType "team-tourn"]
[EventCountry "TUR"]
[SourceTitle "playchess.com"]
[Source "ChessBase"]
[SourceQuality "1"]

{[%evp 24,72,-70,-96,-88,-98,-36,-31,-31,-41,-41,-32,-43,-48,0,0,0,0,0,0,0,0,6,11,22,10,19,0,0,0,0,-14,0,0,0,0,0,0,0,0,0,0,0,0,0,0,0,0,0,0,0]} 1. e4 e5 2. d4 exd4 3. Qxd4 Nc6 4. Qe3 Nf6 5. Nc3 Bb4 6. Bd2 O-O 7. O-O-O Re8 8. Qg3 Rxe4 9. a3 Bd6 10. f4 Re8 11. Nf3 Bf8 12. Bd3 d5 13. Rde1 {LiveBook: 4 Games. C22: Centre Game} (13. Rhe1 Ne7 14. Ne5 Nf5 15. Qf2 c6 16. g4 Nd6 17. h3 Nfe4 18. Nxe4 dxe4 19. Bf1 Be6 20. f5 Bd5 {1-0 (41) Valsecchi,A (2445)-Raznikov,D (2484) Tortoreto 2015}) 13... Ne7 14. Qf2 Bd7 $146 (14... b6 $17 15. Ne5 Bb7) ({Predecessor:} 14... Bf5 15. Bf1 Ne4 16. Nxe4 Bxe4 17. Ng5 Bf5 18. h3 h6 19. Nf3 Be4 20. g4 c5 {0-1 (33) Barinova,V (1985)-Nikolaev,Y (2114) St Petersburg 2007}) 15. h3 $1 $15 {Black is slightly better.} Nc8 16. Qh4 {[#] Threatens to win with Rxe8.} h6 17. g4 Nd6 18. Ne5 Nfe4 (18... d4 {is more complex.} 19. Nd1 g6 20. Bb4 Nd5 21. Qxd8 Raxd8 22. Nxd7 Rxe1 23. Rxe1 Rxd7 24. Bd2 Bg7) 19. Qxd8 {The position is equal.} Rexd8 20. Nxd7 Rxd7 21. Nxe4 dxe4 22. Bxe4 Nxe4 23. Rxe4 Bc5 (23... Rad8 $5 {[%cal Rd7d2]} 24. Bc3 f6 $11) 24. Rhe1 f6 25. Re8+ Rxe8 26. Rxe8+ $11 {[%mdl 4096] Endgame KRB-KRB} Kf7 27. Re4 h5 28. f5 hxg4 29. hxg4 g6 30. fxg6+ Kxg6 31. Kd1 Rd4 32. Rxd4 Bxd4 33. c3 Bc5 34. Ke2 f5 35. gxf5+ Kxf5 36. Kd3 Ke5 {Precision: White = 79%, Black = 62%.} 1/2-1/2

[Event "1st Turkish League 2017"]
[Site "Konya"]
[Date "2017.07.20"]
[Round "2"]
[White "Erdogan, Anil Berk"]
[Black "Caglar, Ahmet Ata"]
[Result "1/2-1/2"]
[WhiteElo "2088"]
[BlackElo "2082"]
[Annotator "NA"]
[PlyCount "77"]
[EventType "team-tourn"]
[EventCountry "TUR"]
[SourceTitle "playchess.com"]
[Source "ChessBase"]
[SourceQuality "1"]
[TimeControl "5400+30"]

1. e4 {[%emt 0:00:30]} c5 {[%emt 0:01:00]} 2. Nf3 {[%emt 0:00:30]} Nc6 {[%emt 0:00:30]} 3. d4 {[%emt 0:00:00]} cxd4 {[%emt 0:00:00]} 4. Nxd4 {[%emt 0:00:00]} e5 {[%emt 0:01:00]} 5. Nb5 {[%emt 0:00:00]} d6 {[%emt 0:00:00]} 6. N1c3 {[%emt 0:00:00]} a6 {[%emt 0:00:00]} 7. Na3 {[%emt 0:00:30]} b5 {[%emt 0:00:30]} 8. Nd5 {[%emt 0:00:00]} Nf6 {[%emt 0:05:30]} 9. Bg5 {[%emt 0:00:00]} Be7 {[%emt 0:00:30]} 10. Bxf6 {[%emt 0:00:30]} Bxf6 {[%emt 0:00:30]} 11. c4 {[%emt 0:00:30]} b4 {[%emt 0:01:30]} 12. Nc2 {[%emt 0:00:30]} a5 {[%emt 0:00:30]} 13. h4 {[%emt 0:03:30] B33: Sicilian: Pelikan and Sveshnikov Variations} (13. Qf3 Be6 14. Nxf6+ Qxf6 15. Qxf6 gxf6 16. Bd3 Ke7 17. Kd2 a4 18. g3 Ra5 19. f4 Rc5 20. b3 Ra8 {0-1 (43) Gabuzyan,H (2607)-Vidit,S (2658) Martuni 2016}) 13... Be6 {[%emt 0:08:30]} 14. g3 {[%emt 0:03:30]} Rc8 $146 {[%emt 0:02:30]} ({Predecessor:} 14... Rb8 15. Qd3 a4 16. b3 O-O 17. Bh3 Qd7 18. Nxf6+ gxf6 19. g4 Ra8 20. Kd2 Ra5 {½-½ (55) Papp,G (2334)-Amrein,R (2299) Hungary 2015}) 15. b3 {[%emt 0:03:30]} O-O {[%emt 0:05:30]} 16. Bh3 {[%emt 0:03:30] LiveBook: 3 Games} Nd4 {[%emt 0:06:30]} 17. Nxd4 {[%emt 0:28:30]} exd4 {[%emt 0:00:00]} 18. Nxf6+ {[%emt 0:08:30]} Qxf6 {[%emt 0:00:00]} 19. Bg2 {[%emt 0:01:30] [#]} d3 $1 {[%emt 0:08:30]} 20. O-O {[%emt 0:00:30]} Qd4 {[%emt 0:00:30]} 21. Qf3 {[%emt 0:00:30]} d2 {[%emt 0:14:30]} 22. Rad1 {[%emt 0:04:30]} d5 {[%emt 0:00:30]} 23. cxd5 {[%emt 0:00:00]} Bd7 {[%emt 0:00:30]} 24. Qe3 {[%emt 0:00:00]} Qxe3 {[%emt 0:00:30]} 25. fxe3 {[%emt 0:00:30]} Rc2 {[%emt 0:00:30]} 26. Rf2 {[%emt 0:00:30]} Rxa2 {[%emt 0:00:30]} 27. Rfxd2 {[%emt 0:00:30]} Ra3 {[%emt 0:00:00]} 28. Rb2 {[%emt 0:04:30]} Rc8 {[%emt 0:01:00]} 29. Kf2 {[%emt 0:00:30]} Rc3 {[%emt 0:00:30]} 30. Rdb1 {[%emt 0:00:00]} f6 {[%emt 0:00:30]} 31. Bf1 {[%emt 0:07:00]} Kf7 {[%emt 0:01:30]} 32. d6 {[%emt 0:08:30]} Ke8 $11 {[%emt 0:12:30]} 33. Bc4 {[%emt 0:16:16]} Bc6 {[%emt 0:02:30]} 34. Rd1 {[%emt 0:02:03]} a4 {[%emt 0:00:30]} 35. Be6 {[%emt 0:03:47]} axb3 {[%emt 0:00:30]} 36. Rd4 {[%emt 0:00:30]} Rc2+ {[%emt 0:01:30]} 37. Rxc2 {[%emt 0:01:19]} bxc2 {[%emt 0:01:30]} 38. Rxb4 {[%emt 0:00:02]} Ra8 {[%emt 0:05:30]} 39. Rc4 {[%emt 0:00:15]} 1/2-1/2

[Event "1st Turkish League 2017"]
[Site "Konya"]
[Date "2017.07.18"]
[Round "2"]
[White "Korkmaz, Necmettin"]
[Black "Keler, Faruk"]
[Result "0-1"]
[WhiteElo "2078"]
[BlackElo "2262"]
[Annotator "NA"]
[PlyCount "56"]
[EventType "team-tourn"]
[EventCountry "TUR"]
[SourceTitle "playchess.com"]
[Source "ChessBase"]
[SourceQuality "1"]
[TimeControl "5400+30"]

1. e4 {[%emt 0:00:30]} c5 {[%emt 0:01:00]} 2. Nf3 {[%emt 0:00:30]} d6 {[%emt 0:00:00]} 3. d4 {[%emt 0:00:30]} Nf6 {[%emt 0:02:00]} 4. Nc3 {[%emt 0:00:30]} cxd4 {[%emt 0:00:30]} 5. Nxd4 {[%emt 0:00:30]} a6 {[%emt 0:00:00]} 6. Bg5 {[%emt 0:00:00]} e6 {[%emt 0:03:00]} 7. f4 {[%emt 0:00:00]} h6 {[%emt 0:00:30]} 8. Bh4 {[%emt 0:01:30]} Qb6 {[%emt 0:00:00]} 9. a3 {[%emt 0:03:30]} Nbd7 {[%emt 0:03:00] B96: Sicilian Najdorf: 6 Bg5 e6 7 f4, lines other than 7...Qb6 and 7...Be7} (9... Be7 10. Bf2 Qc7 11. Qf3 Nbd7 12. O-O-O b5 13. g4 Bb7 14. h4 d5 15. e5 Ne4 16. Rh3 Nxf2 17. Qxf2 {½-½ (43) Caruana,F (2817)-Vachier Lagrave,M (2803) Karlsruhe 2017}) 10. Bf2 {[%emt 0:09:30]} Qc7 {[%emt 0:00:30] LiveBook: 19 Games} 11. Qf3 {[%emt 0:02:30]} b5 {[%emt 0:00:30]} 12. O-O-O {[%emt 0:01:30]} Bb7 {[%emt 0:00:00]} 13. Bd3 {[%emt 0:00:30]} Rc8 $146 {[%emt 0:06:00]} ({Predecessor:} 13... Be7 14. Kb1 Nc5 15. Rhe1 d5 16. e5 Nfe4 17. Bxe4 Nxe4 18. Nxe4 dxe4 {½-½ (105) Salov,S (2234)-Barrientos Chavarriaga,S (2500) Istanbul 2012}) 14. Rhe1 {[%emt 0:05:30]} Nb6 $2 {[%emt 0:10:30]} (14... Be7 $11 {and Black has nothing to worry.}) 15. g4 $2 {[%emt 0:14:30]} (15. Qh3 $18) 15... Nfd7 {[%emt 0:01:30]} 16. Qh3 {[%emt 0:08:30]} e5 {[%emt 0:08:30]} 17. Nf5 {[%emt 0:07:30]} (17. Nf3 $16) 17... g6 {[%emt 0:06:30]} 18. Bxb6 {[%emt 0:18:30]} Qxb6 {[%emt 0:13:30]} 19. Ne3 {[%emt 0:03:30] [#]} (19. fxe5 $17 Rxc3 20. e6) 19... exf4 $2 {[%emt 0:10:30]} (19... Rxc3 $1 $19 {[%mdl 512]} 20. bxc3 exf4) 20. Ned5 {[%emt 0:00:30]} Qd8 {[%emt 0:00:30]} 21. g5 {[%emt 0:05:13]} Bg7 $17 {[%emt 0:04:30]} ({Much less strong is} 21... Qxg5 {[#]} 22. e5 $1 $17 {[%mdl 512]}) 22. e5 {[%emt 0:01:44]} (22. gxh6 $142 Rxh6 23. Qg2) 22... Nxe5 {[%emt 0:06:30]} 23. Bxg6 {[%emt 0:05:22]} fxg6 {[%emt 0:05:38]} 24. Qe6+ {[%emt 0:00:16]} Kf8 {[%emt 0:00:10]} 25. Nf6 {[%emt 0:05:29]} hxg5 {[%emt 0:03:34]} 26. Rxd6 {[%emt 0:01:07]} Qxf6 {[%emt 0:00:47]} 27. Qxf6+ {[%emt 0:00:30]} Bxf6 {[%emt 0:00:00]} 28. Rxf6+ {[%emt 0:00:08]} Nf7 {[%emt 0:00:26]} 0-1

[Event "1st Turkish League 2017"]
[Site "Konya"]
[Date "2017.07.20"]
[Round "2"]
[White "Cakiroglu, Metin"]
[Black "Zeydan, Salih"]
[Result "0-1"]
[WhiteElo "1993"]
[BlackElo "2001"]
[Annotator "NA"]
[PlyCount "88"]
[EventType "team-tourn"]
[EventCountry "TUR"]
[SourceTitle "playchess.com"]
[Source "ChessBase"]
[SourceQuality "1"]
[TimeControl "5400+30"]

{[%evp 12,88,45,54,58,37,42,18,21,25,47,19,35,4,32767,42,41,0,0,-21,16,32767,45,54,53,41,54,36,37,33,43,-6,36,32767,32767,32767,32767,32767,32767,32767,32767,32767,32767,32767,32767,32767,44,-60,-34,-45,32767,32767,32767,32767,32767,32767,32767,0,32767,32767,32767,32767,32767,32767,32767,32767,32767,32767,32767,32767,32767,32767,32767,32767,32767,32767,-29988,-29988,-29989]} 1. Nf3 {[%emt 0:00:30]} c5 {[%emt 0:03:00]} 2. c4 {[%emt 0:00:00]} Nf6 {[%emt 0:01:30]} 3. g3 {[%emt 0:00:00]} b6 {[%emt 0:00:30]} 4. Bg2 {[%emt 0:00:30]} Bb7 {[%emt 0:00:30]} 5. O-O {[%emt 0:00:30]} d6 {[%emt 0:00:30]} 6. Nc3 {[%emt 0:00:30]} e6 {[%emt 0:00:30]} 7. d4 {[%emt 0:03:30]} cxd4 {[%emt 0:02:30]} 8. Qxd4 {[%emt 0:00:30]} Be7 {[%emt 0:03:30]} 9. b3 {[%emt 0:01:30]} O-O {[%emt 0:04:30]} 10. Bb2 {[%emt 0:11:30] A30: Symmetrical English: Double Fianchetto and Hedgehog} (10. Rd1 a6 11. Ba3 Ne8 12. Qf4 Nd7 13. Ne4 d5 14. Bxe7 Qxe7 15. cxd5 Bxd5 16. Rac1 Nef6 17. Nxf6+ Nxf6 18. Ne5 Bxg2 19. Kxg2 {½-½ (48) Ivanchuk,V (2720)-Eljanov,P (2753) Ashdod 2015}) 10... a6 {[%emt 0:03:30]} 11. Rad1 {[%emt 0:02:30] LiveBook: 14 Games} Nc6 {[%emt 0:02:30]} (11... b5 $5) 12. Qf4 {[%emt 0:11:30]} Qc7 {[%emt 0:03:30]} 13. Rd2 {[%emt 0:03:30]} Ne5 {[%emt 0:10:30]} 14. h3 $146 {[%emt 0:13:30]} ({Predecessor:} 14. e4 Nfg4 15. Nxe5 Nxe5 16. Qe3 Bc6 17. f4 Ng4 {0-1 (42) Pestov,S (2335)-Nisipeanu,L (2610) Hamburg 1998}) 14... Rfd8 {[%emt 0:07:30]} 15. Rfd1 {[%emt 0:02:30]} Ned7 {[%emt 0:02:30]} 16. e4 {[%emt 0:13:30]} Rac8 {[%emt 0:15:30]} 17. Qe3 {[%emt 0:02:30]} Nc5 {[%emt 0:05:30]} 18. Nd4 {[%emt 0:01:30]} Qb8 {[%emt 0:01:30]} 19. f4 {[%emt 0:02:30]} Qa8 {[%emt 0:01:30]} 20. Re1 {[%emt 0:00:30]} Bf8 {[%emt 0:03:30]} 21. Bf3 {[%emt 0:05:30]} d5 {[%emt 0:07:09]} (21... b5 $5) 22. cxd5 {[%emt 0:11:06]} exd5 {[%emt 0:00:33]} 23. e5 {[%emt 0:00:37]} Nfe4 {[%emt 0:00:52]} 24. Nxe4 {[%emt 0:00:46]} dxe4 {[%emt 0:02:05]} 25. Bg4 {[%emt 0:00:38]} Rc7 {[%emt 0:05:44]} 26. Rc1 {[%emt 0:00:13]} Qb8 {[%emt 0:01:21]} 27. Rdc2 {[%emt 0:00:49]} Re7 {[%emt 0:01:40]} 28. Be2 {[%emt 0:05:26]} Red7 {[%emt 0:02:22]} 29. f5 {[%emt 0:03:05]} ({White should try} 29. Rf1 $11) 29... Qxe5 {[%emt 0:04:15]} 30. Ne6 {[%emt 0:00:41]} Qxf5 {[%emt 0:00:39]} 31. Bg4 {[%emt 0:02:06]} Qg6 {[%emt 0:02:37]} 32. Nxf8 {[%emt 0:00:05]} Kxf8 {[%emt 0:00:38]} 33. Bxd7 {[%emt 0:00:30]} Rxd7 {[%emt 0:00:00]} 34. Ba3 {[%emt 0:01:33]} h6 {[%emt 0:02:16]} 35. Rc3 {[%emt 0:00:35]} Kg8 {[%emt 0:01:09]} 36. Bxc5 {[%emt 0:00:30]} bxc5 {[%emt 0:00:00]} 37. Qxc5 {[%emt 0:00:32]} Rd3 {[%emt 0:00:03]} 38. Rxd3 {[%emt 0:01:03]} exd3 {[%emt 0:00:30]} 39. Qe3 {[%emt 0:00:00]} Qd6 {[%emt 0:00:38]} 40. Rd1 {[%emt 0:00:58]} Qd5 {[%emt 0:00:12]} 41. Kf2 {[%emt 0:00:12]} Qf5+ {[%emt 0:01:07]} 42. Ke1 {[%emt 0:00:29]} Be4 {[%emt 0:00:31]} 43. Kd2 {[%emt 0:00:30]} Qa5+ {[%emt 0:00:43]} 44. Kc1 {[%emt 0:00:22]} Qc3+ {[%emt 0:00:10]} 0-1

[Event "1st Turkish League 2017"]
[Site "Konya"]
[Date "2017.07.20"]
[Round "2"]
[White "Cansun, Can Alp"]
[Black "Isik, Alparslan"]
[Result "0-1"]
[WhiteElo "1959"]
[BlackElo "2211"]
[Annotator "ChessBase"]
[PlyCount "92"]
[EventType "team-tourn"]
[EventCountry "TUR"]
[SourceTitle "playchess.com"]
[Source "ChessBase"]
[SourceQuality "1"]
[TimeControl "5400+30"]

1. e4 {[%emt 0:00:30]} c5 {[%emt 0:01:00]} 2. Nf3 {[%emt 0:00:00]} d6 {[%emt 0:00:30]} 3. d4 {[%emt 0:00:00]} cxd4 {[%emt 0:00:30]} 4. Nxd4 {[%emt 0:00:30]} Nf6 {[%emt 0:00:30]} 5. Nc3 {[%emt 0:00:30]} a6 {[%emt 0:00:00]} 6. Be3 {[%emt 0:00:00]} e5 {[%emt 0:00:00]} 7. Nb3 {[%emt 0:00:00]} Be6 {[%emt 0:00:00]} 8. f3 {[%emt 0:00:00]} h5 {[%emt 0:02:00]} 9. Qd2 {[%emt 0:01:00]} Nbd7 {[%emt 0:00:00]} 10. O-O-O {[%emt 0:02:30]} Be7 {[%emt 0:01:00]} 11. Nd5 {[%emt 0:05:30]} Nxd5 {[%emt 0:08:30]} 12. exd5 {[%emt 0:00:30]} Bf5 {[%emt 0:00:30]} 13. Bd3 {[%emt 0:07:30]} Bxd3 {[%emt 0:00:30]} 14. Qxd3 {[%emt 0:00:00]} Bg5 {[%emt 0:01:30]} 15. Kb1 {[%emt 0:05:00]} O-O {[%emt 0:11:30]} 16. c4 {[%emt 0:16:30]} a5 {[%emt 0:06:30]} 17. g4 {[%emt 0:05:30]} a4 {[%emt 0:17:30]} 18. Nd2 {[%emt 0:00:30]} hxg4 {[%emt 0:01:30]} 19. fxg4 {[%emt 0:19:30]} Bxe3 {[%emt 0:03:30]} 20. Qxe3 {[%emt 0:00:30]} Nc5 {[%emt 0:00:00]} 21. Rdf1 {[%emt 0:06:30]} b5 {[%emt 0:03:00]} 22. cxb5 {[%emt 0:04:30]} Rb8 {[%emt 0:00:30]} 23. Nc4 {[%emt 0:03:30]} Rxb5 {[%emt 0:01:30]} 24. h4 {[%emt 0:05:46]} Rb4 {[%emt 0:03:30]} 25. Qc3 {[%emt 0:00:52]} Na6 {[%emt 0:17:30]} 26. Ne3 {[%emt 0:07:41]} Qd7 {[%emt 0:07:03]} 27. Rc1 {[%emt 0:03:21]} Rfb8 {[%emt 0:00:42]} 28. Rh2 {[%emt 0:00:40]} Nc5 {[%emt 0:01:39]} 29. h5 {[%emt 0:04:41]} Qa7 {[%emt 0:03:59]} 30. Nc4 {[%emt 0:00:40]} a3 {[%emt 0:01:44]} 31. h6 {[%emt 0:00:47]} axb2 {[%emt 0:01:27]} 32. Rch1 {[%emt 0:00:31]} Ne4 {[%emt 0:03:31]} 33. Qd3 {[%emt 0:00:45]} Qd4 {[%emt 0:00:23]} 34. Qxd4 {[%emt 0:00:19]} exd4 {[%emt 0:00:30]} 35. Rxb2 {[%emt 0:00:00]} Nd2+ {[%emt 0:00:00]} 36. Nxd2 {[%emt 0:00:54]} Rxb2+ {[%emt 0:00:00]} 37. Kc1 {[%emt 0:00:13]} Rxa2 {[%emt 0:00:24]} 38. Rh3 {[%emt 0:00:13]} Rbb2 {[%emt 0:01:41]} 39. Rd3 {[%emt 0:00:20]} Rc2+ {[%emt 0:00:38]} 40. Kd1 {[%emt 0:00:30]} Rxd2+ {[%emt 0:00:30]} 41. Rxd2 {[%emt 0:00:30]} Rxd2+ {[%emt 0:00:30]} 42. Kxd2 {[%emt 0:00:00]} gxh6 {[%emt 0:00:00]} 43. Kd3 {[%emt 0:00:00]} Kg7 {[%emt 0:00:00]} 44. Kxd4 {[%emt 0:00:00]} Kf6 {[%emt 0:00:00]} 45. Ke4 {[%emt 0:00:20]} Kg5 {[%emt 0:00:04]} 46. Kf3 {[%emt 0:00:30]} f5 {[%emt 0:00:00]} 0-1

[Event "1st Turkish League 2017"]
[Site "Konya"]
[Date "2017.07.20"]
[Round "2"]
[White "Temel, Burcu Melis"]
[Black "Tandogan, Buket"]
[Result "1-0"]
[WhiteElo "1846"]
[BlackElo "1911"]
[Annotator "NA"]
[PlyCount "93"]
[EventType "team-tourn"]
[EventCountry "TUR"]
[SourceTitle "playchess.com"]
[Source "ChessBase"]
[SourceQuality "1"]
[TimeControl "5400+30"]

1. e4 {[%emt 0:00:30]} c5 {[%emt 0:01:00]} 2. Nf3 {[%emt 0:00:30]} e6 {[%emt 0:00:00]} 3. d3 {[%emt 0:00:00]} Nc6 {[%emt 0:00:00]} 4. g3 {[%emt 0:00:00]} Nf6 {[%emt 0:01:30]} 5. Bg2 {[%emt 0:00:30]} Be7 {[%emt 0:00:30]} 6. O-O {[%emt 0:00:00]} d6 {[%emt 0:00:30]} 7. Re1 {[%emt 0:02:00]} O-O {[%emt 0:00:30]} 8. Nbd2 {[%emt 0:04:30]} Qc7 {[%emt 0:02:30]} 9. Nf1 {[%emt 0:06:30] B30: Sicilian: 2...Nc6 3 Bb5, lines without ...g6} (9. c3 b6 10. a3 Ne5 11. Nxe5 dxe5 12. a4 Ba6 13. Nc4 Bxc4 14. dxc4 Rad8 15. Qc2 a5 16. Bf1 Ne8 17. Bd3 Qd7 {½-½ (31) Ivanchuk,V (2710)-Akopian,V (2648) Doha 2015}) 9... Rb8 {[%emt 0:09:30]} 10. e5 $146 {[%emt 0:25:30]} ({Predecessor:} 10. h4 b5 11. Ng5 h6 12. Nh3 d5 13. e5 Nd7 14. f4 Nb6 15. c3 b4 16. Qh5 bxc3 17. bxc3 {1-0 (56) Morgunov,M (2072)-Berger,H (2008) St Johann im Pongau 2016}) 10... Nd7 {[%emt 0:14:30]} (10... dxe5 $17 11. b3 Rd8) 11. exd6 {[%emt 0:01:30]} Bxd6 {[%emt 0:02:30]} 12. Ng5 {[%emt 0:04:30]} Nf6 {[%emt 0:02:30]} 13. Ne3 {[%emt 0:00:30]} Ne5 {[%emt 0:16:30]} (13... h6 $5 {[%cal Rh6g5]} 14. Ne4 Nxe4 15. Bxe4 b5 $11) 14. f4 {[%emt 0:32:38]} Ned7 {[%emt 0:01:30]} 15. Nc4 {[%emt 0:02:03]} h6 {[%emt 0:13:30]} 16. Ne4 {[%emt 0:06:30]} Nxe4 {[%emt 0:06:30]} 17. dxe4 {[%emt 0:00:02]} Be7 {[%emt 0:00:30]} 18. e5 {[%emt 0:02:01]} b5 {[%emt 0:03:30]} 19. Nd2 {[%emt 0:02:07]} Rd8 {[%emt 0:04:30]} 20. Qg4 {[%emt 0:01:04]} Qa5 {[%emt 0:06:40]} 21. c3 {[%emt 0:02:39]} c4 {[%emt 0:02:22]} 22. b4 {[%emt 0:01:43]} cxb3 {[%emt 0:01:04]} 23. Nxb3 {[%emt 0:00:02]} Qc7 {[%emt 0:04:46]} 24. Be3 {[%emt 0:02:32]} Nc5 {[%emt 0:00:36]} 25. Nd4 {[%emt 0:00:45]} Bd7 {[%emt 0:03:16]} 26. Rad1 {[%emt 0:01:16]} Qa5 {[%emt 0:00:53]} 27. Bc6 {[%emt 0:00:47]} Rbc8 {[%emt 0:01:12]} 28. Bxd7 {[%emt 0:00:10]} Rxd7 {[%emt 0:00:32]} 29. Nxe6 {[%emt 0:00:01]} Nxe6 {[%emt 0:01:23]} 30. Rxd7 {[%emt 0:00:02]} Qxc3 {[%emt 0:00:05]} 31. Qe2 {[%emt 0:00:43]} Qxe3+ {[%emt 0:00:38]} 32. Qxe3 {[%emt 0:00:09]} Bc5 {[%emt 0:00:30]} 33. Qxc5 {[%emt 0:00:30]} Rxc5 {[%emt 0:00:00]} 34. Re2 {[%emt 0:00:07]} a5 {[%emt 0:00:32]} 35. Red2 {[%emt 0:00:16]} b4 {[%emt 0:00:10]} 36. Rb7 {[%emt 0:00:23]} Rc1+ {[%emt 0:01:17]} 37. Kg2 {[%emt 0:00:22]} Nc5 $18 {[%emt 0:00:07]} (37... Rc8 $142 38. Ra7 Rc4 39. Rxa5 Kh7) 38. Rc7 {[%emt 0:02:58]} Rc3 {[%emt 0:00:26]} 39. Rd5 {[%emt 0:00:32]} Ne4 {[%emt 0:00:38]} 40. Rxc3 {[%emt 0:00:36]} bxc3 {[%emt 0:00:21]} 41. Rd8+ {[%emt 0:00:00]} Kh7 {[%emt 0:00:05]} 42. Rc8 {[%emt 0:00:00]} Kg6 {[%emt 0:00:53]} 43. Kf3 {[%emt 0:01:01]} Nd2+ {[%emt 0:00:30]} 44. Ke2 {[%emt 0:00:00]} Nb1 {[%emt 0:00:26]} 45. g4 {[%emt 0:00:00]} h5 {[%emt 0:00:38]} 46. h3 {[%emt 0:00:32]} hxg4 {[%emt 0:00:30]} 47. hxg4 {[%emt 0:00:00]} 1-0